000 00814nam a2200253 a 4500
005 20140311163020.0
008 120924s19uu xx 00 eng d
020 _a9789712721151
050 _aPL 984.E8
_b.K43 2008
100 _aKeunchan, Ha
245 _aReading Korea :
_b12 contemporary stories /
_c[Ha Keunchan... et al.].
260 _aPasig City, Philippines :
_bAnvil Pub,
_c2008.
300 _a242 p. :
_c22 cm.
500 _awritten under the support of the Korean Literature Translation Institute
650 _aShort stories, Korean
_x20th century
_xTranslations into English
700 _aSeung-ok, Kim
700 _aSok-yong, Hwang
700 _aMunku, Lee
700 _aHyun-seok, Bang
700 _aYoung-hyun, Kim
700 _aNam-il, Kim
942 _cBK
_2lcc
_kFOR
999 _c39459
_d39459